Normal view MARC view
  • Royal Institution of Chartered Surveyors

Entry Corporate Name

Number of records used in: 1

001 - CONTROL NUMBER

  • control field: 4514

003 - CONTROL NUMBER IDENTIFIER

  • control field: OSt

005 - DATE AND TIME OF LATEST TRANSACTION

  • control field: 20190806150234.0

008 - FIXED-LENGTH DATA ELEMENTS

  • fixed length control field: 030902n| aaannaabn |n ana d

040 ## - CATALOGING SOURCE

  • Original cataloging agency: OSt
  • Transcribing agency: OSt

110 ## - HEADING--CORPORATE NAME

  • Corporate name or jurisdiction name as entry element: Royal Institution of Chartered Surveyors
  • Subordinate unit: Farm Business Tenancy Working Party

410 ## - SEE FROM TRACING--CORPORATE NAME

  • Corporate name or jurisdiction name as entry element: RICS Farm Business Tenancy Working Party

410 ## - SEE FROM TRACING--CORPORATE NAME

  • Corporate name or jurisdiction name as entry element: Farm Business Tenancy Working Party

670 ## - SOURCE DATA FOUND

  • Source citation: Guidance note on the 1995 Agricultural Tenancies Act, 1995